2026 NIT Teams - Statistics

General Stats
  • This quiz has been taken 10 times
  • The average score is 19 of 32
Answer Stats
Hint Conference Answer % Correct
2 Atlantic 10 Dayton
100%
2 Mountain West Nevada
100%
3 Ivy Yale
100%
1 SEC Auburn
86%
5 Mountain West UNLV
86%
7 Missouri Valley Bradley
71%
4 Missouri Valley Illinois State
71%
6 Conference USA Liberty
71%
1 Mountain West New Mexico
71%
1 American Athletic Tulsa
71%
7 Missouri Valley UIC
71%
6 Colonial UNCW
71%
3 American Athletic Wichita State
71%
2 Atlantic Coast California
57%
5 Mid-American Kent State
57%
8 American Athletic Navy
57%
6 Atlantic 10 Saint Joseph's
57%
8 Conference USA Sam Houston
57%
1 Atlantic Coast Wake Forest
57%
3 Mountain West Colorado State
43%
7 Atlantic 10 Davidson
43%
3 Atlantic 10 George Mason
43%
5 Atlantic 10 George Washington
43%
7 Missouri Valley Murray State
43%
2 Big 12 Oklahoma State
43%
8 Sun Belt South Alabama
43%
5 Summit League St. Thomas
43%
4 Big West UC Irvine
43%
4 West Coast Seattle U
29%
8 Southland Stephan F. Austin
29%
4 Western Athletic Utah Valley
29%
6 Mountain West Wyoming
29%
No matching quizzes found
Score Distribution
Percent of People with Each Score
Percentile by Number Answered
Your Score History
You have not taken this quiz